[Event "Znojemská Rotunda 2008"]
[Site "?"]
[Date "2008.08.18"]
[Round "4.3"]
[White "Blazek, Milos"]
[Black "Jadud, Oto"]
[Result "1-0"]
[WhiteElo "2074"]
[BlackElo "1989"]
[PlyCount "79"]
[EventDate "2008.08.??"]
[SourceDate "2008.08.16"]

1. d4 Nf6 2. c4 g6 3. Nc3 c5 4. d5 d6 5. e4 Bg7 6. Be2 O-O 7. Bg5 h6 8. Be3 Ne8
9. Qd2 Kh7 10. O-O-O Qa5 11. Kb1 f5 12. f3 a6 13. h4 Nf6 14. Bd3 fxe4 15. Nxe4
Qxd2 16. Rxd2 Nxe4 17. fxe4 Bg4 18. h5 g5 19. e5+ Bf5 20. e6 Bxd3+ 21. Rxd3
Rf1+ 22. Kc2 b5 23. b3 Ra1 24. Bd2 b4 25. Rf3 Bf6 26. Rxf6 exf6 27. Bc1 Rxa2+
28. Bb2 a5 29. Kb1 Rxb2+ 30. Kxb2 Kg7 31. g4 a4 32. bxa4 Rxa4 33. Rh3 Na6 34.
Re3 Nc7 35. Ne2 f5 36. gxf5 Kf6 37. Ng3 Ne8 38. e7 g4 39. Re6+ Kg5 40. Ne4+ 1-0

[Event "Znojemská Rotunda 2008"]
[Site "?"]
[Date "2008.08.18"]
[Round "4.5"]
[White "Petlak, Josef"]
[Black "Adam, Petr"]
[Result "1-0"]
[WhiteElo "1977"]
[BlackElo "1888"]
[PlyCount "102"]
[EventDate "2008.08.??"]
[SourceDate "2008.08.16"]

1. e4 c5 2. Nc3 a6 3. a4 Nc6 4. g3 e5 5. Bg2 Nf6 6. d3 d6 7. h3 Be7 8. Nge2 O-O
9. Be3 Rb8 10. b3 b5 11. axb5 axb5 12. O-O b4 13. Na4 Ra8 14. Qd2 Bb7 15. Nb2
Qc7 16. Nc4 Nd7 17. Kh2 Rxa1 18. Rxa1 Ra8 19. Rxa8+ Bxa8 20. f4 f6 21. f5 Na5
22. Qd1 Nxc4 23. dxc4 Qa5 24. h4 Bb7 25. Ng1 g5 26. hxg5 fxg5 27. Qh5 Qd8 28.
Nh3 Bc6 29. Qh6 Nf6 30. Nf2 Ne8 31. Qe6+ Kg7 32. Ng4 Nf6 33. Nxf6 Bxf6 34. Bxc5
dxc5 35. Qxc6 Qe7 36. Bf3 Kg8 37. Bh5 Bg7 38. Kh3 Bf6 39. Kg4 Kg7 40. Be8 Kf8
41. Bd7 Kg7 42. Be6 Qf8 43. Kh5 Qe7 44. Qc8 Qf8 45. Qxf8+ Kxf8 46. Kh6 Be7 47.
Kxh7 g4 48. Kg6 Bh4 49. f6 Bxg3 50. Bxg4 Bf4 51. Kf5 Bg3 1-0

[Event "Znojemská Rotunda 2008"]
[Site "?"]
[Date "2008.08.18"]
[Round "4.6"]
[White "Holik, Jakub"]
[Black "Simecek, Josef"]
[Result "0-1"]
[WhiteElo "1719"]
[BlackElo "1973"]
[PlyCount "40"]
[EventDate "2008.08.??"]
[SourceDate "2008.08.16"]

1. d4 d5 2. c4 e6 3. Nc3 Nf6 4. Bg5 Be7 5. Nf3 c6 6. e3 O-O 7. Bd3 Nbd7 8. O-O
dxc4 9. Bxc4 Nd5 10. Bxe7 Qxe7 11. Bxd5 exd5 12. Rc1 Nf6 13. Qb3 Ne4 14. Rc2
Bf5 15. Re2 Bg4 16. Kh1 Qf6 17. Qc2 Bxf3 18. gxf3 Qxf3+ 19. Kg1 Ng5 20. h4 Qg4+
0-1

[Event "Znojemská Rotunda 2008"]
[Site "?"]
[Date "2008.08.18"]
[Round "4.7"]
[White "Rysavy, Jan"]
[Black "Havel, Vojtech"]
[Result "1-0"]
[WhiteElo "1706"]
[BlackElo "1684"]
[PlyCount "55"]
[EventDate "2008.08.??"]
[SourceDate "2008.08.16"]

1. e4 e5 2. Nf3 Nc6 3. Bc4 Nf6 4. d3 Bc5 5. Bg5 d6 6. Nc3 Na5 7. Bb3 c6 8. O-O
O-O 9. Re1 Bg4 10. Ne2 Qb6 11. Bh4 Nxb3 12. axb3 Bxf3 13. gxf3 Nh5 14. Qd2 h6
15. b4 Qxb4 16. c3 Qb3 17. Kh1 Qe6 18. Rg1 Qh3 19. Bg3 f5 20. d4 f4 21. dxc5
fxg3 22. Nxg3 Rxf3 23. Nf5 Rxf5 24. exf5 Qf3+ 25. Rg2 Nf4 26. Rag1 d5 27. Qe3
Qxe3 28. Rxg7+ 1-0

[Event "Znojemská Rotunda 2008"]
[Site "?"]
[Date "2008.08.18"]
[Round "4.9"]
[White "Chlapecka, Adam"]
[Black "Mikulu, Lukas"]
[Result "1/2-1/2"]
[WhiteElo "1645"]
[BlackElo "1915"]
[PlyCount "67"]
[EventDate "2008.08.??"]
[SourceDate "2008.08.16"]

1. e4 e5 2. Nf3 Nc6 3. d4 exd4 4. Nxd4 Bc5 5. Be3 Qf6 6. c3 Nge7 7. Bc4 Bb6 8.
O-O O-O 9. f4 d6 10. Na3 Ng6 11. Nac2 Bd7 12. Kh1 Rae8 13. Bd3 Nxd4 14. cxd4 c5
15. e5 dxe5 16. dxe5 Qc6 17. Rc1 Nh4 18. Qe2 Nf5 19. Bxf5 Bxf5 20. Nd4 Qg6 21.
Nxf5 Qxf5 22. Bxc5 Bxc5 23. Rxc5 Rc8 24. Rxc8 Rxc8 25. Qd2 h6 26. Rc1 Rxc1+ 27.
Qxc1 Qe4 28. h3 Kh7 29. Kh2 Kg6 30. g4 Kh7 31. Kg3 Qd3+ 32. Kg2 Qe2+ 33. Kg3
Qd3+ 34. Kg2 1/2-1/2

[Event "Znojemská Rotunda 2008"]
[Site "?"]
[Date "2008.08.18"]
[Round "4.10"]
[White "Hemala, Lubos"]
[Black "Rysavy, Jindrich"]
[Result "0-1"]
[WhiteElo "1711"]
[BlackElo "1453"]
[PlyCount "106"]
[EventDate "2008.08.??"]
[SourceDate "2008.08.16"]

1. e4 c5 2. Nc3 d6 3. Nf3 Nc6 4. Bc4 Nf6 5. O-O Bg4 6. h3 Bxf3 7. Qxf3 Ne5 8.
Bb5+ Nfd7 9. Qg3 a6 10. Be2 g6 11. f4 Nc6 12. f5 Bg7 13. fxg6 fxg6 14. Nd5 Nf6
15. Nf4 Qd7 16. Nh5 Nxh5 17. Bxh5 Bd4+ 18. Kh1 gxh5 19. c3 Bf6 20. Qf3 O-O-O
21. Qxh5 Rdf8 22. d3 Ne5 23. Bh6 Rfg8 24. d4 Nc6 25. dxc5 dxc5 26. Qxc5 Rg6 27.
Bf4 Rhg8 28. Rf2 Qe6 29. Qf5 Be5 30. Rd1 Bxf4 31. Qxe6+ Rxe6 32. Rxf4 Rg3 33.
Re1 Rd3 34. Re2 Ne5 35. Kh2 Nc4 36. Rff2 Re3 37. b3 Rxe2 38. Rxe2 Nd6 39. e5
Nf7 40. Rf2 Nxe5 41. g4 Nd3 42. Rf8+ Kc7 43. Kg3 Nc1 44. Rf7 h6 45. Kf4 Nxa2
46. Kf5 Kd7 47. c4 Nc1 48. b4 Nd3 49. h4 Nxb4 50. g5 hxg5 51. hxg5 Nc6 52. Rh7
Nd4+ 53. Kf4 Rg6 0-1

[Event "Znojemská Rotunda 2008"]
[Site "?"]
[Date "2008.08.18"]
[Round "4.11"]
[White "Smrcková, Svetlana"]
[Black "Bastyr, Pavel"]
[Result "1-0"]
[WhiteElo "1405"]
[BlackElo "1599"]
[PlyCount "120"]
[EventDate "2008.08.??"]
[SourceDate "2008.08.16"]

1. d4 Nf6 2. Nf3 d5 3. Bg5 Ne4 4. Nbd2 Nxg5 5. Nxg5 e6 6. Ngf3 Bb4 7. c3 Ba5 8.
e4 dxe4 9. Nxe4 O-O 10. Bd3 b6 11. b4 Bxb4 12. cxb4 Nc6 13. b5 Nxd4 14. Nxd4
Qxd4 15. O-O Rd8 16. Bc2 Bb7 17. Qxd4 Rxd4 18. Rfe1 Rad8 19. Ng5 Rg4 20. Ne4 f5
21. f3 Rg6 22. Ng3 Rd2 23. Bb3 Kf7 24. Rad1 Rxd1 25. Rxd1 Ke7 26. Re1 Kd6 27.
Kf2 Rh6 28. h3 g5 29. Nf1 Rf6 30. Nd2 g4 31. Kg3 gxh3 32. Kxh3 Rh6+ 33. Kg3
Rg6+ 34. Kf2 h5 35. Nc4+ Ke7 36. Ne5 Rh6 37. Rc1 Kf6 38. f4 Rh7 39. g3 a5 40.
Nc6 Bc8 41. Re1 h4 42. Nd8 hxg3+ 43. Kxg3 Rh8 44. Nxe6 Re8 45. Rc1 Bxe6 46.
Bxe6 Rxe6 47. Rxc7 a4 48. Rc3 Ke7 49. Kh4 Kf6 50. a3 Re2 51. Rc6+ Re6 52. Kh5
Kf7 53. Rxe6 Kxe6 54. Kg5 Kf7 55. Kxf5 Kf8 56. Kf6 Ke8 57. f5 Kf8 58. Ke6 Ke8
59. f6 Kf8 60. f7 Kg7 1-0

[Event "Znojemská Rotunda 2008"]
[Site "?"]
[Date "2008.08.19"]
[Round "5.1"]
[White "Slacky, Stanislav"]
[Black "Blazek, Milos"]
[Result "1/2-1/2"]
[WhiteElo "2157"]
[BlackElo "2074"]
[PlyCount "141"]
[EventDate "2008.08.??"]
[SourceDate "2008.08.16"]

1. d4 d5 2. c4 c6 3. g3 Nf6 4. Nf3 Bf5 5. Bg2 e6 6. O-O Nbd7 7. b3 h6 8. Bb2
Be7 9. Nfd2 O-O 10. Nc3 Rc8 11. e4 dxe4 12. Ndxe4 Nxe4 13. Nxe4 Nf6 14. Qe2
Nxe4 15. Bxe4 Bxe4 16. Qxe4 Bf6 17. Rfd1 Rc7 18. Rd3 Rd7 19. Rad1 Qa5 20. a4
Rfd8 21. Kg2 Qc7 22. Bc1 Qa5 23. h3 Qb4 24. Bd2 Qa3 25. Be3 a6 26. Qf3 Qe7 27.
d5 exd5 28. Bb6 Rc8 29. cxd5 Rxd5 30. Rxd5 cxd5 31. Qxd5 Rc6 32. a5 Qe6 33. Bd8
Qxd5+ 34. Rxd5 Rc3 35. b4 Rb3 36. Bxf6 gxf6 37. Rd4 Kf8 38. Rc4 Ke8 39. g4 Kd7
40. f3 Ke6 41. Re4+ Kd5 42. Rf4 Ke5 43. Kg3 Rd3 44. b5 axb5 45. Rf5+ Ke6 46.
Rxb5 Ra3 47. Rf5 Ke7 48. Kh4 Kf8 49. Rxf6 Kg7 50. Rf5 Kg6 51. Kg3 Ra4 52. h4
Rb4 53. Rd5 Kg7 54. Kf2 b6 55. axb6 Rxb6 56. Ke3 Rb4 57. Rd4 Rb3+ 58. Ke4 Rb5
59. f4 Rb1 60. Rd5 Rb4+ 61. Kf5 Rb6 62. h5 Rf6+ 63. Ke4 Re6+ 64. Re5 Ra6 65. g5
hxg5 66. fxg5 Ra1 67. Kd5 Rh1 68. h6+ Kg6 69. Kd6 f6 70. gxf6 Kxf6 71. Re6+
1/2-1/2

[Event "Znojemská Rotunda 2008"]
[Site "?"]
[Date "2008.08.19"]
[Round "5.2"]
[White "Bilek, Martin"]
[Black "Dvorak, Libor"]
[Result "0-1"]
[WhiteElo "1950"]
[BlackElo "2130"]
[PlyCount "74"]
[EventDate "2008.08.??"]
[SourceDate "2008.08.16"]

1. e4 c5 2. b3 d6 3. Bb2 e5 4. Bb5+ Nc6 5. Ne2 a6 6. Bxc6+ bxc6 7. O-O f5 8. f4
fxe4 9. fxe5 d5 10. Nf4 Qg5 11. d3 d4 12. dxe4 Bg4 13. Qd3 Qxe5 14. c3 Rd8 15.
cxd4 cxd4 16. Qxa6 Qb5 17. Qxb5 cxb5 18. h3 Bc8 19. Nd5 Bc5 20. Na3 Nf6 21.
Nxb5 d3+ 22. Kh2 Nxe4 23. Rae1 Rxd5 24. Nc7+ Kd8 25. Nxd5 Bd6+ 26. Nf4 Re8 27.
g3 g5 28. Rxe4 Rxe4 29. Bf6+ Ke8 30. Bxg5 d2 31. Rd1 Bb4 32. Nd3 Re2+ 33. Kh1
Bb7+ 34. Kg1 Ba6 35. Bxd2 Bxd2 36. Nf2 Be3 37. Rf1 Kf7 0-1

[Event "Znojemská Rotunda 2008"]
[Site "?"]
[Date "2008.08.19"]
[Round "5.3"]
[White "Fojtik, Tomas"]
[Black "Rysavy, Jan"]
[Result "1/2-1/2"]
[WhiteElo "2093"]
[BlackElo "1706"]
[PlyCount "62"]
[EventDate "2008.08.??"]
[SourceDate "2008.08.16"]

1. d4 f5 2. Nf3 g6 3. g3 Bg7 4. Bg2 Nf6 5. c4 O-O 6. Nc3 d6 7. O-O Qe8 8. d5
Na6 9. Be3 h6 10. Qd2 Kh7 11. Rad1 Ng4 12. Bd4 Nf6 13. Qc2 Qf7 14. a3 Bd7 15.
Qb3 b6 16. Qc2 c5 17. dxc6 Bxc6 18. Ng5+ hxg5 19. Bxc6 Rad8 20. e4 f4 21. Bxf6
Bxf6 22. Qe2 Qe6 23. f3 Be5 24. g4 Nc5 25. Nb1 Qc8 26. b4 Qxc6 27. bxc5 dxc5
28. Kg2 Rc8 29. Rc1 Rc7 30. Rc2 Rfc8 31. Rfc1 Bd4 1/2-1/2

[Event "Znojemská Rotunda 2008"]
[Site "?"]
[Date "2008.08.19"]
[Round "5.4"]
[White "Simecek, Josef"]
[Black "Petlak, Josef"]
[Result "0-1"]
[WhiteElo "1973"]
[BlackElo "1977"]
[PlyCount "70"]
[EventDate "2008.08.??"]
[SourceDate "2008.08.16"]

1. d4 Nf6 2. c4 g6 3. Nc3 d5 4. cxd5 Nxd5 5. e3 Bg7 6. Bc4 e6 7. Nge2 c6 8. O-O
O-O 9. Nxd5 exd5 10. Bd3 Bg4 11. Bd2 Re8 12. Rc1 Nd7 13. h3 Bxe2 14. Bxe2 Nf6
15. Bd3 Ne4 16. Bxe4 Rxe4 17. Qb3 Qd7 18. Bb4 Rae8 19. Qa3 a6 20. Bd6 h5 21.
Rc3 g5 22. Kh1 g4 23. hxg4 hxg4 24. f3 Qf5 25. Rd3 Bf8 26. Kg1 Bxd6 27. Qxd6
R4e6 28. Qa3 g3 29. Re1 Qh5 30. Kf1 Qh1+ 31. Ke2 Qxg2+ 32. Kd1 Qxf3+ 33. Kc1
Qf2 34. Red1 g2 35. R3d2 g1=Q 0-1

[Event "Znojemská Rotunda 2008"]
[Site "?"]
[Date "2008.08.19"]
[Round "5.5"]
[White "Bednar, Vaclav"]
[Black "Jostic, Peter"]
[Result "0-1"]
[WhiteElo "1798"]
[BlackElo "2019"]
[PlyCount "88"]
[EventDate "2008.08.??"]
[SourceDate "2008.08.16"]

1. e4 e5 2. Nf3 Nc6 3. Bc4 Nf6 4. d3 Bc5 5. c3 d6 6. b4 Bb6 7. Bg5 Bg4 8. h3
Bh5 9. Nbd2 h6 10. Be3 Bxe3 11. fxe3 O-O 12. O-O d5 13. Bb5 Qe7 14. Qe1 dxe4
15. Bxc6 bxc6 16. dxe4 Rad8 17. Nh4 Rd3 18. Nf5 Qd8 19. Qg3 Bg6 20. Nxh6+ gxh6
21. Qxe5 Rxd2 22. Rxf6 Rd1+ 23. Rxd1 Qxd1+ 24. Kh2 Qd3 25. Qf4 Kg7 26. Rxc6
Qxe4 27. Qxe4 Bxe4 28. Rxc7 a6 29. Re7 Bd5 30. a4 Rc8 31. Re5 Bc4 32. b5 axb5
33. axb5 Rb8 34. Re4 Bxb5 35. Rb4 Rb7 36. g4 Bc6 37. Rxb7 Bxb7 38. Kg3 Kf6 39.
Kf4 Bd5 40. e4 Bc4 41. h4 Ke6 42. h5 f6 43. Kf3 Ke5 44. Ke3 Bb5 0-1

[Event "Znojemská Rotunda 2008"]
[Site "?"]
[Date "2008.08.19"]
[Round "5.6"]
[White "Rysavy, Jindrich"]
[Black "Dobes, Oldrich"]
[Result "1/2-1/2"]
[WhiteElo "1453"]
[BlackElo "2032"]
[PlyCount "75"]
[EventDate "2008.08.??"]
[SourceDate "2008.08.16"]

1. e4 c6 2. d4 d5 3. Nc3 dxe4 4. Nxe4 Bf5 5. Ng3 Bg6 6. Nf3 Nf6 7. h4 h6 8. h5
Bh7 9. Bd3 Bxd3 10. Qxd3 Qc7 11. Bd2 Nbd7 12. O-O-O O-O-O 13. Qa3 Kb8 14. Ba5
b6 $11 15. Bb4 Nd5 16. Rhe1 Nxb4 17. Qxb4 e6 18. Qc3 Nf6 19. Ne5 Kb7 20. Qf3
Bd6 21. Ne4 Bxe5 22. dxe5 Rxd1+ 23. Rxd1 Nxe4 24. Qxe4 Rd8 25. Rxd8 Qxd8 26.
Qf4 Qe7 27. g4 Kc8 28. Kd1 Qd7+ 29. Qd2 Qxd2+ 30. Kxd2 Kd7 31. Ke3 Ke7 32. Ke4
Kf8 33. f4 g6 34. b4 gxh5 35. gxh5 Ke7 36. f5 Kd7 37. c4 a5 38. fxe6+ 1/2-1/2

[Event "Znojemská Rotunda 2008"]
[Site "?"]
[Date "2008.08.19"]
[Round "5.7"]
[White "Jadud, Oto"]
[Black "Holik, Jakub"]
[Result "1-0"]
[WhiteElo "1989"]
[BlackElo "1719"]
[PlyCount "63"]
[EventDate "2008.08.??"]
[SourceDate "2008.08.16"]

1. e4 c5 2. Nf3 Nc6 3. d4 cxd4 4. Nxd4 e5 5. Nb5 d6 6. c4 a6 7. N5c3 Nf6 8. Be2
Be7 9. O-O Bd7 10. Na3 Rc8 11. Nc2 Na5 12. Ne3 Bc6 13. b4 Nxc4 14. Bxc4 Nxe4
15. Nxe4 Bxe4 16. Qb3 O-O 17. f4 b5 18. Be2 Qb6 19. Kh1 Rc7 20. a4 Rfc8 21.
fxe5 dxe5 22. axb5 axb5 23. Qxf7+ Kh8 24. Nd5 Bxd5 25. Qxd5 Qd4 26. Qxd4 exd4
27. Bf4 Rc3 28. Bxb5 Bxb4 29. Be5 R3c5 30. Bd7 Rd8 31. Bd6 Rc4 32. Bb5 1-0

[Event "Znojemská Rotunda 2008"]
[Site "?"]
[Date "2008.08.19"]
[Round "5.9"]
[White "Adam, Petr"]
[Black "Smrcková, Svetlana"]
[Result "1-0"]
[WhiteElo "1888"]
[BlackElo "1405"]
[PlyCount "57"]
[EventDate "2008.08.??"]
[SourceDate "2008.08.16"]

1. e4 c6 2. d4 d5 3. e5 Bf5 4. Bd3 Bxd3 5. Qxd3 e6 6. Ne2 Qc7 7. O-O c5 8. c3
Nd7 9. f4 f6 10. Be3 Nh6 11. Ng3 Be7 12. Qe2 O-O 13. Nd2 f5 14. h3 c4 15. Qf3
b5 16. a3 a5 17. Ne2 b4 18. axb4 axb4 19. g4 fxg4 20. hxg4 g6 21. Qh3 Nf7 22.
f5 exf5 23. gxf5 Ng5 24. Qg2 Rxa1 25. Rxa1 Rxf5 26. Qxd5+ Kg7 27. Ra8 Nb6 28.
Rg8+ Kh6 29. Qh1# 1-0

[Event "Znojemská Rotunda 2008"]
[Site "?"]
[Date "2008.08.19"]
[Round "5.10"]
[White "Mikulu, Lukas"]
[Black "Mrazik, Vladislav"]
[Result "0-1"]
[WhiteElo "1915"]
[BlackElo "1939"]
[PlyCount "87"]
[EventDate "2008.08.??"]
[SourceDate "2008.08.16"]

1. e4 e6 2. d4 d5 3. Nc3 Nf6 4. Bg5 Be7 5. e5 Nfd7 6. Bxe7 Qxe7 7. Bd3 a6 8.
Qg4 f5 9. Qg3 c5 10. Nf3 Nc6 11. O-O cxd4 12. Ne2 Nc5 13. Nfxd4 O-O 14. Nxc6
bxc6 15. f4 Bd7 16. Nd4 Ne4 17. Bxe4 fxe4 18. c3 c5 19. Nc2 Bb5 20. Rf2 Rad8
21. Qe3 Bd3 22. Rd1 Qa7 23. Qh3 Qd7 24. Ne1 c4 25. g4 Qe7 26. Qe3 Rf7 27. Ng2
Rdf8 28. Rdd2 a5 29. h3 a4 30. a3 Rd8 31. Qd4 g6 32. Kh2 h5 33. g5 Rdf8 34. Kg3
Kg7 35. Qe3 Qc7 36. Qd4 Qd8 37. Ne3 Rxf4 38. Rxf4 Qxg5+ 39. Kh2 Qxf4+ 40. Kg1
Qg3+ 41. Rg2 Qxh3 42. Qa7+ Rf7 43. Qb6 h4 44. Rf2 0-1

[Event "Znojemská Rotunda 2008"]
[Site "?"]
[Date "2008.08.19"]
[Round "5.11"]
[White "Havel, Vojtech"]
[Black "Chlapecka, Adam"]
[Result "1/2-1/2"]
[WhiteElo "1684"]
[BlackElo "1645"]
[PlyCount "66"]
[EventDate "2008.08.??"]
[SourceDate "2008.08.16"]

1. d4 Nf6 2. c4 g6 3. Nc3 Bg7 4. Nf3 O-O 5. e3 d5 6. Qb3 e6 7. cxd5 exd5 8. Bd3
b6 9. O-O Bb7 10. Qc2 Nbd7 11. Bd2 a6 12. b4 Rc8 13. b5 a5 14. Qb2 Qe7 15. Rac1
Ne4 16. Qb3 Ndf6 17. a4 Rfd8 18. Rfd1 Ng4 19. Be1 Bh6 20. Kf1 Bxe3 21. fxe3
Nxe3+ 22. Ke2 Nxd1 23. Kxd1 Nxc3+ 24. Bxc3 Re8 25. Bd2 c5 26. Qb2 c4 27. Bf1
Qe4 28. Rc3 Qg4 29. Be3 Rcd8 30. Qf2 Qe4 31. Kc1 Qf5 32. Be2 Bc8 33. Bd1 Rd7
1/2-1/2

[Event "Znojemská Rotunda 2008"]
[Site "?"]
[Date "2008.08.19"]
[Round "5.12"]
[White "Bastyr, Pavel"]
[Black "Hemala, Lubos"]
[Result "0-1"]
[WhiteElo "1599"]
[BlackElo "1666"]
[PlyCount "86"]
[EventDate "2008.08.??"]
[SourceDate "2008.08.16"]

1. d4 Nf6 2. Bg5 Ne4 3. Bf4 e6 4. c4 g5 5. Be3 Bb4+ 6. Nd2 f5 7. Qc2 Nc6 8. d5
Bxd2+ 9. Bxd2 Nd4 10. Qd3 Qf6 11. Bc3 e5 12. e3 Nxc3 13. Qxc3 c5 14. exd4 cxd4
15. Qb3 e4 16. O-O-O O-O 17. Ne2 d3 18. Nc3 d6 19. f3 Re8 20. Qa4 Re7 21. c5
dxc5 22. fxe4 fxe4 23. Nxe4 Qf4+ 24. Kb1 Rxe4 25. Qb5 Bg4 26. Bxd3 Bxd1 27.
Rxd1 Re7 28. d6 Rg7 29. Qxc5 b6 30. Qc6 Rd8 31. Bc4+ Kh8 32. Rf1 Qe5 33. d7
Rgxd7 34. Rf8+ Rxf8 35. Qxd7 Qe1+ 36. Kc2 Rf2+ 37. Kb3 Qe3+ 38. Bd3 Rf7 39.
Qxf7 Qxd3+ 40. Ka4 Qd4+ 41. b4 Qd1+ 42. Kb5 Qe2+ 43. Qc4 a6+ 0-1

[Event "Znojemská Rotunda 2008"]
[Site "?"]
[Date "2008.08.20"]
[Round "6.1"]
[White "Dvorak, Libor"]
[Black "Blazek, Milos"]
[Result "1-0"]
[WhiteElo "2130"]
[BlackElo "2074"]
[PlyCount "105"]
[EventDate "2008.08.??"]
[SourceDate "2008.08.16"]

1. Nf3 Nf6 2. c4 c5 3. Nc3 d5 4. cxd5 Nxd5 5. e4 Nxc3 6. bxc3 g6 7. Ba3 b6 8.
Bc4 e6 9. d4 cxd4 10. Bxf8 Kxf8 11. cxd4 b5 12. Bb3 Qa5+ 13. Qd2 Nc6 14. d5
Qxd2+ 15. Kxd2 Na5 16. Rhc1 Nxb3+ 17. axb3 exd5 18. exd5 Bb7 $11 19. Rc5 a6 20.
Kc3 Rd8 21. Kd4 Kg7 22. Re1 Kf6 23. Re5 Rhe8 24. Rxe8 Rxe8 25. Rc7 Ba8 26. Kc5
a5 27. Nd4 a4 28. bxa4 bxa4 29. Ra7 Bxd5 30. Kxd5 Re5+ 31. Kc4 Re1 32. Rxa4 Rg1
33. Ra6+ Kg7 34. g3 Rg2 35. Ra2 Rxh2 36. Kd3 h5 37. Nf3 Rh1 38. Ke3 Rb1 39. Ra3
f6 40. Ra7+ Kh6 41. Rf7 Rb6 42. Nd2 g5 43. Ne4 Kg6 44. Rd7 Rb3+ 45. Ke2 Rb4 46.
f3 Rb2+ 47. Rd2 Rb6 48. Rd6 Rxd6 49. Nxd6 f5 50. f4 h4 51. gxh4 gxh4 52. Kf3
Kf6 53. Nc4 1-0

[Event "Znojemská Rotunda 2008"]
[Site "?"]
[Date "2008.08.20"]
[Round "6.2"]
[White "Rysavy, Jan"]
[Black "Slacky, Stanislav"]
[Result "1/2-1/2"]
[WhiteElo "1706"]
[BlackElo "2157"]
[PlyCount "79"]
[EventDate "2008.08.??"]
[SourceDate "2008.08.16"]

1. e4 Nf6 2. e5 Nd5 3. d4 d6 4. c4 Nb6 5. exd6 cxd6 6. Nf3 g6 7. Be3 Bg7 8. Bd3
O-O 9. O-O Bg4 10. Nbd2 Nc6 11. h3 Bxf3 12. Nxf3 Rc8 13. b3 d5 14. Rc1 e5 15.
dxe5 dxc4 16. Bxc4 Nxc4 17. Rxc4 Nxe5 18. Nxe5 Bxe5 19. Qxd8 Rfxd8 20. Rxc8
Rxc8 21. Rc1 Rxc1+ 22. Bxc1 f5 23. Kf1 Kf7 24. Ke2 Ke6 25. Kd3 Kd5 26. Be3 a6
27. f3 Bd6 28. Bd4 b5 29. g4 Be5 30. Be3 Ke6 31. Bg5 Bb2 32. Bd8 Ke5 33. Bc7+
Kf6 34. Bd8+ Ke6 35. Bc7 Kd5 36. Bb6 Bf6 37. Be3 Ke6 38. a4 fxg4 39. fxg4 h5
40. Ke4 1/2-1/2

[Event "Znojemská Rotunda 2008"]
[Site "?"]
[Date "2008.08.20"]
[Round "6.3"]
[White "Petlak, Josef"]
[Black "Bilek, Martin"]
[Result "1-0"]
[WhiteElo "1977"]
[BlackElo "1950"]
[PlyCount "79"]
[EventDate "2008.08.??"]
[SourceDate "2008.08.16"]

1. g3 e5 2. e3 Nc6 3. c3 g6 4. d4 Bg7 5. b3 d6 6. Bb2 Nge7 7. d5 Nb8 8. Bg2 O-O
9. c4 Nd7 10. Nc3 f5 11. Nge2 f4 12. exf4 exf4 13. Nxf4 Ne5 14. O-O Nf5 15. Ne6
Bxe6 16. dxe6 c6 17. f4 Ne3 18. Qe2 N5g4 19. h3 Nxf1 20. Kxf1 Ne5 21. Kg1 Qe7
22. fxe5 Qxe6 23. Nd5 Bxe5 24. Bxe5 dxe5 25. Nc7 Qd6 26. Nxa8 Qd4+ 27. Kh2 Qxa1
28. Nc7 Qc3 29. Ne6 Rf7 30. Nc5 Qd4 31. Ne4 Re7 32. h4 Kg7 33. Qg4 Qb2 34. h5
Qxa2 35. h6+ Kf8 36. Qc8+ Kf7 37. Qh8 Ke6 38. Qf6+ Kd7 39. Nc5+ Kd8 40. Qf8+
1-0

[Event "Znojemská Rotunda 2008"]
[Site "?"]
[Date "2008.08.20"]
[Round "6.4"]
[White "Jostic, Peter"]
[Black "Fojtik, Tomas"]
[Result "1/2-1/2"]
[WhiteElo "1998"]
[BlackElo "2093"]
[PlyCount "120"]
[EventDate "2008.08.??"]
[SourceDate "2008.08.16"]

1. e4 c5 2. Nf3 e6 3. d4 cxd4 4. Nxd4 a6 5. Bd3 Qc7 6. O-O Nf6 7. Be3 Be7 8. c4
Nc6 9. f4 Bc5 10. Nc2 Bxe3+ 11. Nxe3 Qb6 12. Qe2 Ng4 13. Re1 Nxe3 14. Qxe3 Qxb2
15. Nd2 d6 16. Kh1 Qd4 17. Qxd4 Nxd4 18. e5 dxe5 19. fxe5 Nc6 20. Ne4 O-O 21.
Nd6 Rb8 22. Rab1 b6 23. Be4 Nxe5 24. Bxh7+ Kxh7 25. Rxe5 Bd7 26. Rb3 g6 27. Re4
Kg7 28. Kg1 Bc6 29. Rf4 e5 30. Rh4 Rfd8 31. c5 bxc5 32. Nc4 Rxb3 33. axb3 f6
34. Rh3 Rd4 35. Rc3 Bb5 36. Na5 Rd1+ 37. Kf2 Rd2+ 38. Kg1 e4 39. g3 Rd3 40.
Rxc5 e3 41. Rc7+ Kf8 42. Rc1 e2 43. Re1 Rf3 44. Nc4 Rxb3 45. Nd2 Rb2 46. Ne4
Ke7 47. Kf2 Rc2 48. g4 f5 49. gxf5 gxf5 50. Ng3 Kf6 51. h4 Rd2 52. h5 Rd1 53.
h6 Rxe1 54. Kxe1 Kg6 55. Nxf5 a5 56. Nd4 Bc4 57. Nxe2 Bxe2 58. Kxe2 a4 59. Kd2
a3 60. Kc3 a2 1/2-1/2

[Event "Znojemská Rotunda 2008"]
[Site "?"]
[Date "2008.08.20"]
[Round "6.5"]
[White "Adam, Petr"]
[Black "Jadud, Oto"]
[Result "1/2-1/2"]
[WhiteElo "1888"]
[BlackElo "1989"]
[PlyCount "36"]
[EventDate "2008.08.??"]
[SourceDate "2008.08.16"]

1. e4 c5 2. Nc3 Nc6 3. g3 g6 4. Bg2 Bg7 5. Nge2 Nf6 6. O-O O-O 7. f4 d6 8. d3
Nd4 9. Nxd4 cxd4 10. Ne2 Nd7 11. f5 e6 12. g4 Qh4 13. Rf3 Be5 14. Nf4 Nf6 15.
Rh3 Qxg4 16. Qf1 exf5 17. Rg3 Qh4 18. Rh3 Qg4 1/2-1/2

[Event "Znojemská Rotunda 2008"]
[Site "?"]
[Date "2008.08.20"]
[Round "6.6"]
[White "Vavrousek, Petr"]
[Black "Simecek, Josef"]
[Result "1/2-1/2"]
[WhiteElo "1898"]
[BlackElo "1793"]
[PlyCount "25"]
[EventDate "2008.08.??"]
[SourceDate "2008.08.16"]

1. e4 d5 2. exd5 Qxd5 3. Nc3 Qa5 4. d4 Nf6 5. Nf3 Bf5 6. Bc4 e6 7. O-O c6 8.
Ne5 Bd6 9. Re1 O-O 10. Bf4 Bb4 11. Re3 Bxc3 12. bxc3 Nd5 13. Bxd5 1/2-1/2

[Event "Znojemská Rotunda 2008"]
[Site "?"]
[Date "2008.08.20"]
[Round "6.7"]
[White "Mrazik, Vladislav"]
[Black "Rysavy, Jindrich"]
[Result "1-0"]
[WhiteElo "1939"]
[BlackElo "1453"]
[PlyCount "91"]
[EventDate "2008.08.??"]
[SourceDate "2008.08.16"]

1. d4 Nf6 2. c4 g6 3. Nc3 d5 4. Nf3 Bg7 5. Qb3 dxc4 6. Qxc4 c6 7. e4 Be6 8. Qb4
Qc7 9. Bc4 Bxc4 10. Qxc4 O-O 11. e5 Nfd7 12. e6 Nb6 13. exf7+ Rxf7 14. Qb3 N8d7
15. Ng5 Raf8 16. Ne6 Qd6 17. Nxf8 Kxf8 18. Be3 Bxd4 19. Rd1 e5 20. O-O c5 21.
Ne4 Qc6 22. Ng5 Re7 23. Bxd4 cxd4 24. f4 exf4 25. Rxf4+ Nf6 26. Qf3 Qxf3 27.
Nxf3 Kg7 28. Rfxd4 Rc7 29. Ng5 Rc2 30. R1d2 Rc1+ 31. Kf2 Rc6 32. h3 h6 33. Ne4
Ne8 34. Nd6 Nxd6 35. Rxd6 Rc7 36. b3 Rf7+ 37. Kg1 h5 38. Rf2 Rxf2 39. Kxf2 Kf7
40. Kf3 Kg7 41. Kf4 Kh6 42. h4 Kg7 43. Kg5 Kh7 44. a4 Kg7 45. a5 Nc8 46. Rd7+
1-0

[Event "Znojemská Rotunda 2008"]
[Site "?"]
[Date "2008.08.20"]
[Round "6.9"]
[White "Hemala, Lubos"]
[Black "Chlapecka, Adam"]
[Result "1-0"]
[WhiteElo "1666"]
[BlackElo "1645"]
[PlyCount "77"]
[EventDate "2008.08.??"]
[SourceDate "2008.08.16"]

1. e4 c5 2. Nf3 d6 3. d4 cxd4 4. Nxd4 Nf6 5. Nc3 a6 6. Be3 e6 7. g3 Be7 8. Bg2
O-O 9. O-O Nbd7 10. f4 Qc7 11. g4 Nb6 12. g5 Nfd7 13. f5 e5 14. f6 exd4 15.
fxe7 Re8 16. Qxd4 Rxe7 17. Bf4 Ne5 18. Rad1 Rd7 19. Bh3 Rd8 20. Bxe5 Bxh3 21.
Bxd6 Qc6 22. Rf2 Nc4 23. e5 Be6 24. b3 Nb6 25. Ne4 Rac8 26. c4 Nd7 27. Be7 Re8
28. Bb4 Red8 29. Nd6 Ra8 30. h4 a5 31. Bc3 a4 32. Bb4 Ra6 33. h5 axb3 34. axb3
Nf8 35. Qf4 Qc7 36. h6 Ng6 37. Qe3 Qb6 38. Qxb6 Rxb6 39. Ba5 1-0

[Event "Znojemská Rotunda 2008"]
[Site "?"]
[Date "2008.08.20"]
[Round "6.11"]
[White "Smrcková, Svetlana"]
[Black "Havel, Vojtech"]
[Result "1/2-1/2"]
[WhiteElo "1405"]
[BlackElo "1684"]
[PlyCount "44"]
[EventDate "2008.08.??"]
[SourceDate "2008.08.16"]

1. d4 Nf6 2. Nf3 e6 3. c4 d5 4. Bg5 Be7 5. e3 O-O 6. Nc3 Nbd7 7. Bd3 b6 8. O-O
Bb7 9. Rc1 c5 10. cxd5 exd5 11. Bb5 Rc8 12. Bxd7 Qxd7 13. Ne5 Qd8 14. Ne2 Re8
15. Ng3 h6 16. Bxf6 Bxf6 17. f4 Bh4 18. Nf5 Qf6 19. Qg4 Ba6 20. Nxh4 Bxf1 21.
Rxf1 cxd4 22. exd4 Rc2 1/2-1/2